Ne pas cliquez sur les emojis différents !!!! - Statistiques

Statistiques générales
  • Ce quiz a été pris 196 fois
  • Le résultat moyen est 20 sur 27
Answers on the Grid
Answers color-coded by a green-red scale on the quiz's grid according to % correct below.
🌥️
🌥️
🌥️
 
Statistiques - réponses
Réponse % Correct
88%
85%
81%
79%
78%
78%
74%
74%
72%
72%
72%
72%
72%
71%
71%
71%
70%
70%
69%
68%
67%
67%
67%
66%
66%
66%
65%
Aucun quiz correspondant
Distribution des résultats
% des personnes avec chaque résultat
Percentile par nombre de réponses
Votre historique - résultats
Vous n’avez pas pris ce quiz